Things that start with O by picture - Statistics

General Stats
  • This quiz has been taken 105 times
  • The average score is 16 of 22
Answer Stats
Picture Hint Answer % Correct
orange
99%
orangutan
94%
ostrich
94%
a kind of tree oak
93%
police____ officer
93%
octopus
90%
otter
89%
orchestra
88%
type of shape octagon
87%
oar
85%
olive
81%
orchid
74%
ox
74%
oatmeal
69%
okra
67%
opal
65%
oasis
61%
opossum
60%
outfit
52%
omelet
46%
orchard
45%
onyx
27%
No matching quizzes found
Score Distribution
Percent of People with Each Score
Percentile by Number Answered
Your Score History
You have not taken this quiz